| 000 | 00592nam a2200181Ia 4500 | ||
|---|---|---|---|
| 003 | IN-BaIIA | ||
| 008 | 211028s9999 xx 000 0 eng d | ||
| 020 | _a0-684-83718-8 | ||
| 040 | _cIIA Library | ||
| 080 |
_a5(091) _bTER |
||
| 100 |
_aTeresi, D. _928614 |
||
| 245 | 0 |
_aLost discoveries _bthe ancient roots of modern science-- from the Babylonians to the Maya _cD. Teresi |
|
| 260 |
_aNew York _bSimon and Schuster _c2002 |
||
| 300 | _avii, 453p. | ||
| 650 |
_aScience- History _92970 |
||
| 650 |
_aScience, Ancient _928615 |
||
| 942 | _cBK | ||
| 999 |
_c15499 _d15499 |
||